000 00251nam a2200109Ia 4500
008 190216s9999||||xx |||||||||||||| ||und||
100 _aMaheswari S N
245 0 _aCost And Management Accounting
260 _bNull
_c1997
300 _a2570p
942 _cBK
999 _c5635
_d5635